Normal view
MARC view
- Ibraheem Bin Mehmood
Entry Personal Name
001 - CONTROL NUMBER
- control field: 92708
003 - CONTROL NUMBER IDENTIFIER
- control field: NUST
005 - DATE AND TIME OF LATEST TRANSACTION
- control field: 20220704155725.0
008 - FIXED-LENGTH DATA ELEMENTS
- fixed length control field: 220704|| aca||aabn | a|a d
040 ## - CATALOGING SOURCE
- Original cataloging agency: NUST
- Transcribing agency: NUST
100 ## - HEADING--PERSONAL NAME
- Personal name: Ibraheem Bin Mehmood
670 ## - SOURCE DATA FOUND
- Source citation: Work cat.: (NUST)13663: Muhammad Tahir 48574, Exploring smart ways for energy harvesting for wireless sensor networks, 2016
